Cuerpo del derecho civil romano

Saved in:
Bibliografiske detaljer
Hovedforfatter: Kriegel, Hermann y Osenbrüggen (Author)
Format: Bog
Sprog:spansk
Udgivet: Barcelona Jaime Molina 1889
Fag:
Tags: Tilføj Tag
Ingen Tags, Vær først til at tagge denne postø!

MARC

LEADER 00000nam a2200000 a 4500
001 UCR2626
003 CL-VaPUC
008 980112e18890000SP |||||||||||||||||spa|d
082 0 4 |a 340.5401  |b KRI  |2 21 
100 0 |a Kriegel, Hermann y Osenbrüggen  |e author  |9 400776 
245 1 0 |a Cuerpo del derecho civil romano 
300 |a v 
942 |c BK 
945 |d 19980112 00:00:00  |a aolguin 
260 |a Barcelona  |b Jaime Molina  |c 1889 
500 |a v.1: Instituta-Digesto: partes 1a, 2a y 3a 
500 |a v.2: Digesto: partes 4a y 5a 
500 |a v.3: Digesto: partes 6a y 7a 
500 |a v.4: Código: Libros 1§, 2§, 3§, 4§ y 5§ 
500 |a v.5: Código: Libros 6§ al 12§ 
500 |a v.6: Novelas. Constituciones 
500 |a Traducido por: Ildefonso L. García del Corral 
650 0 |a Derecho romano  |9 255930 
650 0 |a Fuentes del derecho   |9 255162 
650 0 |a Derecho civil  |9 255013 
650 0 |a Instituciones jurídicas  |9 380718 
650 0 |a Digestos  |9 395744 
650 0 |a Código justiniano  |9 395743 
650 7 |a NOVELAS  |2 CL-VaPUC  |9 333250 
583 |a last modification  |c 19980112 00:00:00  |k Rodrigo Vera 
999 |c 265759  |d 265757 
952 |0 0  |1 0  |4 0  |6 340_540100000000000_KRI_1889  |7 0  |8 DER_ROM  |9 296833  |a BIBDER  |b BIBDER  |d 2019-11-20  |h v.1  |i 193192K  |o 340.5401 KRI 1889  |p 193192K  |r 2023-01-25  |w 2019-11-20  |x Ubicación 4to piso  |y BK_X  |z Este recurso debe solicitarse con anticipación  |k DER 
952 |0 0  |1 0  |4 0  |6 340_540100000000000_KRI_1889  |7 0  |8 DER_ROM  |9 296834  |a BIBDER  |b BIBDER  |d 2019-11-20  |h v.2  |i 1931873  |o 340.5401 KRI 1889  |p 1931873  |r 2023-01-25  |w 2019-11-20  |x Ubicación 4to piso  |y BK_X  |z Este recurso debe solicitarse con anticipación  |k DER 
952 |0 0  |1 0  |4 0  |6 340_540100000000000_KRI_1889  |7 0  |8 DER_ROM  |9 296835  |a BIBDER  |b BIBDER  |d 2019-11-20  |h v.5  |i 1931822  |o 340.5401 KRI 1889  |p 1931822  |r 2023-01-25  |w 2019-11-20  |x Ubicación 4to piso  |y BK_X  |z Este recurso debe solicitarse con anticipación  |k DER 
952 |0 0  |1 0  |4 0  |6 340_540100000000000_KRI_1889  |7 0  |8 DER_ROM  |9 296836  |a BIBDER  |b BIBDER  |d 2019-11-20  |h v.6  |i 1931776  |o 340.5401 KRI 1889  |p 1931776  |r 2023-01-25  |w 2019-11-20  |x Ubicación 4to piso  |y BK_X  |z Este recurso debe solicitarse con anticipación  |k DER 
952 |0 0  |1 0  |4 0  |6 340_540100000000000_KRI_1889  |7 0  |8 DER_ROM  |9 296837  |a BIBDER  |b BIBDER  |d 2019-11-20  |h v.1  |i 4292812  |o 340.5401 KRI 1889  |p 4292812  |r 2023-01-25  |w 2019-11-20  |x Ubicación 4to piso  |y BK_X  |z Este recurso debe solicitarse con anticipación  |k DER 
952 |0 0  |1 0  |4 0  |6 340_540100000000000_KRI_1889  |7 0  |8 DER_ROM  |9 296838  |a BIBDER  |b BIBDER  |d 2019-11-20  |h v.2  |i 4292820  |o 340.5401 KRI 1889  |p 4292820  |r 2023-01-25  |w 2019-11-20  |x Ubicación 4to piso  |y BK_X  |z Este recurso debe solicitarse con anticipación  |k DER 
952 |0 0  |1 0  |4 0  |6 340_540100000000000_KRI_1889  |7 0  |8 DER_ROM  |9 296839  |a BIBDER  |b BIBDER  |d 2019-11-20  |h v.3  |i 4292839  |o 340.5401 KRI 1889  |p 4292839  |r 2023-01-25  |w 2019-11-20  |x Ubicación 4to piso  |y BK_X  |z Este recurso debe solicitarse con anticipación  |k DER 
952 |0 0  |1 0  |4 0  |6 340_540100000000000_KRI_1889  |7 0  |8 DER_ROM  |9 296840  |a BIBDER  |b BIBDER  |d 2019-11-20  |h v.4  |i 4292847  |o 340.5401 KRI 1889  |p 4292847  |r 2023-01-25  |w 2019-11-20  |x Ubicación 4to piso  |y BK_X  |z Este recurso debe solicitarse con anticipación  |k DER 
952 |0 0  |1 0  |4 0  |6 340_540100000000000_KRI_1889  |7 0  |8 DER_ROM  |9 296841  |a BIBDER  |b BIBDER  |d 2019-11-20  |h v.5  |i 4292855  |o 340.5401 KRI 1889  |p 4292855  |r 2023-01-25  |w 2019-11-20  |x Ubicación 4to piso  |y BK_X  |z Este recurso debe solicitarse con anticipación  |k DER 
952 |0 0  |1 0  |4 0  |6 340_540100000000000_KRI_1889  |7 0  |8 DER_ROM  |9 296842  |a BIBDER  |b BIBDER  |d 2019-11-20  |h v.6  |i 4292863  |o 340.5401 KRI 1889  |p 4292863  |r 2023-01-25  |w 2019-11-20  |x Ubicación 4to piso  |y BK_X  |z Este recurso debe solicitarse con anticipación  |k DER